Business research methods / (Record no. 101887)

MARC details
000 -LEADER
fixed length control field 01005nam a22002537a 4500
005 - DATE AND TIME OF LATEST TRANSACTION
control field 20170509111735.0
010 ## - LCCN (DPL NO)
LC control number 1617EN ENG-117018
020 ## - INTERNATIONAL STANDARD BOOK NUMBER
International Standard Book Number 9788131529607
Terms of availability 550.00
035 ## - SYSTEM CONTROL NUMBER
System control number B-653854-861
035 ## - SYSTEM CONTROL NUMBER
System control number EN-100550
035 ## - SYSTEM CONTROL NUMBER
System control number B-665135
037 ## - SOURCE OF ACQUISITION
Source of stock number/acquisition ABC
Stock number DPL
082 ## - DEWEY DECIMAL CLASSIFICATION NUMBER
Classification number 658.0072
100 ## - MAIN ENTRY--PERSONAL NAME
Personal name Dangi, H.K.
245 ## - TITLE STATEMENT
Title Business research methods /
Statement of responsibility, etc by H.K.Dangi [and] Shruti Dewen
260 ## - PUBLICATION, DISTRIBUTION, ETC. (IMPRINT)
Place of publication, distribution, etc Delhi
Name of publisher, distributor, etc Cengage Learning
Date of publication, distribution, etc 2016
270 ## - ADDRESS
Address 418, F.I.E., Patparganj
City Delhi
Postal code 110092
300 ## - PHYSICAL DESCRIPTION
Extent xx, 379p.:
Dimensions 25cm(pbk)
500 ## - GENERAL NOTE
General note Includes index
700 ## - ADDED ENTRY--PERSONAL NAME
Personal name Dewen, Shruti
942 ## - ADDED ENTRY ELEMENTS (KOHA)
Source of classification or shelving scheme Dewey Decimal Classification
Item type English Books
Classification part 658.0072
Call number suffix DAN
Holdings
Withdrawn status Lost status Not for loan Collection code Home library Current library Date acquired Source of acquisition Cost, normal purchase price Full call number Barcode Copy number Cost, replacement price Koha item type
      Non-fiction Ashok Vihar Ashok Vihar 09/05/2017 BPPD/EN/2016-17/AV/16-17/452/15.2.2017/5058/28.2.2017/ 7.3.2017 550.00 658.0072 DAN B-665135 1 550.00 English Books
      Non-fiction Bawana Bawana 08/02/2017 BPPD/EN/2016-17/286/24.11.2016/4995/03.12.16/04.01.2017 550.00 658.0072 DAN B-653860 1 550.00 English Books
      Non-fiction Central Library Central Library 08/02/2017 BPPD/EN/2016-17/286/24.11.2016/4995/03.12.16/04.01.2017 550.00 658.0072 DAN B-653854 1 550.00 English Books
    Not For Loan Non-fiction D.B.Act.Division D.B.Act.Division 06/01/2017 DBAD/PUB 499.00 658.40072 DAN EN-100550 1 499.00 English Books
      Non-fiction Janak Puri Janak Puri 08/02/2017 BPPD/EN/2016-17/286/24.11.2016/4995/03.12.16/04.01.2017 550.00 658.0072 DAN B-653857 1 550.00 English Books
      Non-fiction Karol Bagh Karol Bagh 08/02/2017 BPPD/EN/2016-17/286/24.11.2016/4995/03.12.16/04.01.2017 550.00 658.0072 DAN B-653858 1 550.00 English Books
      Non-fiction Kasturba Gandhi Marg Kasturba Gandhi Marg 08/02/2017 BPPD/EN/2016-17/286/24.11.2016/4995/03.12.16/04.01.2017 550.00 658.0072 DAN B-653856 1 550.00 English Books
      Non-fiction Narela Narela 08/02/2017 BPPD/EN/2016-17/286/24.11.2016/4995/03.12.16/04.01.2017 550.00 658.0072 DAN B-653859 1 550.00 English Books
      Non-fiction Patel Nagar Patel Nagar 08/02/2017 BPPD/EN/2016-17/286/24.11.2016/4995/03.12.16/04.01.2017 550.00 658.0072 DAN B-653855 1 550.00 English Books
      Non-fiction Shahdara Branch Shahdara Branch 08/02/2017 BPPD/EN/2016-17/286/24.11.2016/4995/03.12.16/04.01.2017 550.00 658.0072 DAN B-653861 1 550.00 English Books

© Delhi Public Library
Hit Counter
free hit counter